000 00729nam a2200205Ia 4500
001 9682
003 GE_BSU
008 181216s||||||||xx |||||||||||||| ||und||
040 _cGE_BSU
080 _a821.353.1+821.353.1-1
100 _aმირცხულავა,ალიო
245 _aთხზულებანი ორ ტომად. ტ.1 ლექსები 1921-1951
245 _cრედ.ილ.ხოშტარია.მხატვ.რ.მახარაძე.
260 _aთბილისი
260 _bსაბჭოთა საქართველო
260 _c1969
300 _a402გვ.1ფ.პორტრ.20სმ.
653 _aთხზულებანი
942 _cBK
999 _c42965
_d42965